TV Theme by First Lyric (A-Z) Quiz Stats

 Plays Quiz Updated Feb 16, 2016

Challenge
Share
Tweet
Embed
Score 0/26 Timer 08:00
0 Plays Today
Hint Answer % Correct
Our whole universe was in a hot dense state, The Big Bang Theory
88%
_____ _____ is smarter than the average bear,The Yogi Bear Show
84%
Making your way in the world today takes everything you've got. Cheers
77.8%
Now this is the story all about how,The Fresh Prince of Bel-Air
75.7%
Meet George _____The Jetsons
72%
Come and knock on our door... (Come and knock on our door)Three's Company
68.4%
Just sit right back and you'll hear a tale,Gilligan's Island
63.5%
She was working in a bridal shop in Flushing, Queens, The Nanny
58.6%
Now, the world don't move to the beat of just one drum,Diff'rent Strokes
52.5%
Who's the leader of the clubThe Mickey Mouse Club
48.4%
One, two, three, four, five, six, seven, eight Laverne and Shirley
42.7%
Hello, world, hear the song that we're singin' The Partridge Family
41%
Now the story of a wealthy family who lost everythingArrested Development
39.7%
Hint Answer % Correct
There's no need to fear,Underdog
33.5%
If you're on the highway and _____ _____ goes beep beep.The Road Runner Show
24.9%
Baby, if you've ever wondered,WKRP in Cincinnati
24.9%
Jenata iazdi samotnaXena: Warrior Princess
24%
I can't do this all on my ownScrubs
23.7%
Ba ba ba ba, ba ba ba ba... How I Met Your Mother
21.1%
My eyes are getting wearyThe King of Queens
18.8%
A long time ago, we used to be friends Veronica Mars
16.6%
We're gonna turn it on,The Electric Company
15.8%
Out of the night, when the full moon is bright,Zorro
14.3%
The animals, the animalsOrange is the New Black
11.8%
I know, you seeiCarly
5%
Yipee yi-o ki-a,Quick Draw McGraw
3.9%

You're not logged in!

Compare scores with friends on all Sporcle quizzes.
Join for Free
OR
Log In

You Might Also Like...

Show Comments

Extras

Top Quizzes Today


Score Distribution

Your Account Isn't Verified!

In order to create a playlist on Sporcle, you need to verify the email address you used during registration. Go to your Sporcle Settings to finish the process.

Report this User

Report this user for behavior that violates our Community Guidelines.

Details: